000 00234nam a2200097Ia 4500
001 688229
005 20250826161611.0
008 250824s9999 xx 000 0 und d
245 0 _aEYLÜL
_cMEHMET RAUF
260 _bKİTAP ZAMANI YAYINLARI
999 _c688229
_d688229